[Event "WLS-ch"]
[Site "Cardiff"]
[Date "1981.01.03"]
[Round "7"]
[White "James, Stephen C"]
[Black "Williams, A Howard"]
[Result "1/2-1/2"]
[WhiteElo "2080"]
[BlackElo "2415"]
[PlyCount "35"]
[EventDate "1980.12.28"]
[EventType "tourn"]
[EventRounds "7"]
[EventCountry "WLS"]
[SourceTitle "BritBase"]
[SourceDate "1999.11.01"]
[SourceVersionDate "1999.11.01"]
[SourceQuality "1"]

1. g3 d5 2. Bg2 Nf6 3. d3 g6 4. c3 Bg7 5. Nd2 c5 6. Ngf3 Nc6 7. O-O O-O 8. e4
dxe4 9. dxe4 Bg4 10. Qc2 Qc8 11. Re1 Rd8 12. a4 Nd7 13. Nc4 Bxf3 14. Bxf3 Nde5
15. Be2 Nxc4 16. Bxc4 Ne5 17. Qe2 Qc6 18. Bf4 1/2-1/2

[Event "WLS-ch"]
[Site "Cardiff"]
[Date "1981.01.03"]
[Round "7"]
[White "Johnston, Dafydd"]
[Black "Sully, David John"]
[Result "0-1"]
[WhiteElo "2300"]
[BlackElo "2185"]
[PlyCount "64"]
[EventDate "1980.12.28"]
[EventType "tourn"]
[EventRounds "7"]
[EventCountry "WLS"]
[SourceTitle "BritBase"]
[SourceDate "1999.11.01"]
[SourceVersionDate "1999.11.01"]
[SourceQuality "1"]

1. b4 Nf6 2. Bb2 g6 3. Nf3 Bg7 4. e3 d6 5. c4 O-O 6. Be2 e5 7. O-O Nbd7 8. d4
Re8 9. Nc3 c6 10. a4 a5 11. b5 e4 12. bxc6 bxc6 13. Nd2 Ba6 14. Ba3 c5 15. Qc2
cxd4 16. exd4 d5 17. Nb5 Bxb5 18. cxb5 Rc8 19. Qa2 e3 20. fxe3 Rxe3 21. Bf3
Rcc3 22. Bb2 Rc2 23. Nb3 Ne4 24. Rac1 Nc3 25. Qa1 Ne2+ 26. Bxe2 Rcxe2 27. Nc5
Qg5 28. Rf2 Rxf2 29. Kxf2 Qf4+ 30. Kg1 Re2 31. Rf1 Qe3+ 32. Kh1 Nxc5 0-1

[Event "WLS-ch"]
[Site "Cardiff"]
[Date "1981.01.03"]
[Round "7"]
[White "Jones, Iolo Cerredig"]
[Black "Cunningham, Philip"]
[Result "1/2-1/2"]
[WhiteElo "2380"]
[BlackElo "2216"]
[PlyCount "76"]
[EventDate "1980.12.28"]
[EventType "tourn"]
[EventRounds "7"]
[EventCountry "WLS"]
[SourceTitle "BritBase"]
[SourceDate "1999.11.01"]
[SourceVersionDate "1999.11.01"]
[SourceQuality "1"]

1. Nf3 Nf6 2. c4 b6 3. d3 e6 4. e4 c5 5. Bg5 Be7 6. Nc3 O-O 7. Be2 Bb7 8. Qb3
Nc6 9. O-O d5 10. cxd5 Na5 11. Qc2 exd5 12. Rad1 d4 13. Nb1 h6 14. Bd2 Nc6 15.
Ne1 g5 16. f4 gxf4 17. Bxf4 Kh7 18. Qd2 Ng8 19. Bg4 Bc8 20. Qe2 Nf6 21. Bxc8
Qxc8 22. e5 Qe6 23. Bxh6 Kxh6 24. Qd2+ Kg6 25. exf6 Bxf6 26. Nc2 Bg5 27. Qe1
Qxe1 28. Rdxe1 Rae8 29. Rxe8 Rxe8 30. Re1 Rxe1+ 31. Nxe1 Bc1 32. b3 Nb4 33. a3
Nd5 34. Kf2 Kf5 35. Ke2 Bf4 36. g3 Bh6 37. Kd1 Nc3+ 38. Kc2 Na2 1/2-1/2